000 00951nam a2200241Ia 4500
003 OSt
005 20220918111015.0
006 a|||||r|||| 00| 0
007 ta
008 220915b |||||||| |||| 00| 0 hin d
024 _a237076
037 _cReference Collections
040 _aARTS
_cARTS
_bhin
041 _2hin
_ahin
082 _aO594,3L12w,1, 152P4.1-.2(RR)
100 _aरूसो, ज्यां - जाक
245 0 _aरूसो की आत्मकथा
_b आत्मस्वीकृतियां
246 _aRūso kī ātmakathā: ātmasvīkṛutiyāan
260 _aमुंबई
_bसंवाद प्रकाशन
_c2004
700 _a धीर, युगंाक, अनु.
_910430
942 _hO594,3L12w,1, 152P4.1-.2(RR)
_cREF
999 _c116377
_d116377